000 00845nam a2200121Ia 4500
008 220615s9999||||xx |||||||||||||| ||und||
245 0 _aPandemic Media
_bPreliminary Notes toward an Inventory
546 _aEnglish[eng]
650 _aNonbooks, PBS / Medien, Kommunikation/Medienwissenschaft||Medienwissenschaften: Internet, digitale Medien und Gesellschaft||Coronavirus||Media||Scale||Technologies||Time||Materialities||Digitalization||Activism||Space||Sociability||Instruction||COVID-19||Pandemic||Education||Temporality||Film, Kino||Internet und digitale Medien: Kunst und Performance||Film-, Fernseh-, Radio-Genres: Science-Fiction, Fantasy und Horror
700 _aKeidl, Philipp Dominik||Melamed, Laliv||Hediger, Vinzenz||Somaini, Antonio
856 _uhttps://library.oapen.org/bitstream/20.500.12657/49997/1/9783957960092.pdf
942 _cEB
999 _c12822
_d12822